000
00327nam a2200121Ia 4500
999
_c
14352
_d
14352
008
260210s9999 xx 000 0 und d
020
_a
9788492861224
082
_a
729
100
_a
Alejandro Zaera-Polo
245
0
_a
The Sniper's Log: Architectural Chronicles of Generation-X
260
_b
Actar
_c
2013
942
_c
UG
_2
ddc